| 000 | 00697nam a2200229 a 4500 | ||
|---|---|---|---|
| 001 | BRCA_8136 | ||
| 005 | 20190320210140.0 | ||
| 008 | 110414s1965----ne-ao##f##---#001-0#eng-# | ||
| 041 | _aeng | ||
| 044 | _ane | ||
| 050 | 4 |
_aQL706 _b.C31 _c1965 |
|
| 100 | 1 |
_aCarrington, Richard _920265 |
|
| 245 | 1 | 0 |
_aThe mammals _cText by Richard Carrington and the editors of Life. |
| 260 |
_aNederland _bTime-Life International _c1965 |
||
| 300 |
_a189 p. _bil., fot. (algunas a color) _c28 cm. |
||
| 440 | 0 |
_aLife Natural Library _920266 |
|
| 500 | _aY217 | ||
| 650 | 1 | 4 |
_aMamÃferos _vEnciclopedias y diccionarios _920267 |
| 710 | 2 |
_aLife International Publication _920268 |
|
| 902 | _aGFM | ||
| 942 |
_2lcc _cB |
||
| 999 |
_c7804 _d7804 |
||